000
00313nam a2200121Ia 4500
005
20251222152642.0
008
251222s9999||||xx |||||||||||||| ||spa||
082
_a
809/P87/N8
100
_a
Editorial la Oveja Negra Ltda.
245
0
_a
Historia Universal de la Literatura
264
_b
Oveja Negra
942
_c
LIB
999
_c
28146
_d
28146